000
00230nam a2200097Ia 4500
008
190216s9999||||xx |||||||||||||| ||und||
100
_a
Gilbert M Smith
245
0
_a
Criptogamic Botany Vol-2
260
_b
Mcgraw -hill
942
_c
BK
999
_c
1010
_d
1010